<?xml version="1.0" encoding="UTF-8"?>
<record
    xmlns:xsi="http://www.w3.org/2001/XMLSchema-instance"
    xsi:schemaLocation="http://www.loc.gov/MARC21/slim http://www.loc.gov/standards/marcxml/schema/MARC21slim.xsd"
    xmlns="http://www.loc.gov/MARC21/slim">

  <leader>00555cam a2200145   4500</leader>
  <controlfield tag="001">6177</controlfield>
  <controlfield tag="005">20181127181112.0</controlfield>
  <controlfield tag="008">110509s2010    xna      b    000 0 eng d</controlfield>
  <datafield tag="010" ind1=" " ind2=" ">
    <subfield code="a">  2011381660</subfield>
  </datafield>
  <datafield tag="245" ind1="1" ind2="4">
    <subfield code="a">Bachelor of arts :</subfield>
    <subfield code="b">Environmental studies PS 352 : Population and development /</subfield>
    <subfield code="c">Compiled by G.P Sharma.</subfield>
  </datafield>
  <datafield tag="260" ind1=" " ind2=" ">
    <subfield code="a">[Thimphu] :</subfield>
    <subfield code="b">Royal Thimphu College,</subfield>
    <subfield code="c">2017.</subfield>
  </datafield>
  <datafield tag="500" ind1=" " ind2=" ">
    <subfield code="a">Xerographic copy in a binder.</subfield>
  </datafield>
  <datafield tag="520" ind1=" " ind2=" ">
    <subfield code="a">Bachelor of arts : Environmental studies PS352 : Population  and development coursepack.</subfield>
  </datafield>
  <datafield tag="650" ind1=" " ind2="0">
    <subfield code="a">Environmental Studies.</subfield>
    <subfield code="x"></subfield>
    <subfield code="v"></subfield>
  </datafield>
  <datafield tag="999" ind1=" " ind2=" ">
    <subfield code="c">5219</subfield>
    <subfield code="d">5219</subfield>
  </datafield>
  <datafield tag="952" ind1=" " ind2=" ">
    <subfield code="0">0</subfield>
    <subfield code="1">0</subfield>
    <subfield code="2">ddc</subfield>
    <subfield code="4">0</subfield>
    <subfield code="7">0</subfield>
    <subfield code="8">FAC RES</subfield>
    <subfield code="a">RTCLIB</subfield>
    <subfield code="b">RTCLIB</subfield>
    <subfield code="c">FAC RES</subfield>
    <subfield code="d">2021-12-23</subfield>
    <subfield code="h"> </subfield>
    <subfield code="i">9856</subfield>
    <subfield code="l">0</subfield>
    <subfield code="o">304.6 SHA</subfield>
    <subfield code="p">30010064</subfield>
    <subfield code="r">2022-02-28 00:00:00</subfield>
    <subfield code="w">2018-11-27</subfield>
    <subfield code="y">FAC RES</subfield>
  </datafield>
</record>
